000
00215 a2200097 4500
001
882
100
_a
Huxley,L.G.H
245
_a
Principles and practice of wave guide
260
_a
_b
Cambridge
_c
090
_c
473
_d
473
942
_a
NUST-CAE
_c
M
_c
31078
999
_c
235955
_d
235955